[Event "Championnat de France des Jeunes - Benj"]
[Site "LA ROCHE SUR YON"]
[Date "2008.04.26"]
[Round "8.15"]
[White "Lebret, Loriane"]
[Black "Belafkih, Kimia"]
[Result "0-1"]
[WhiteElo "1510"]
[BlackElo "1430"]
[Annotator "Salaun,Michel"]
[PlyCount "92"]
[EventDate "2008.04.23"]
[EventType "swiss"]
[EventRounds "5"]
[EventCountry "FRA"]

1. e4 e5 2. f4 Bc5 3. Nf3 d6 4. Bc4 Nc6 5. d3 Nf6 6. c3 O-O 7. Nbd2 Bb6 8. Nb3
h6 9. Qe2 Re8 10. Be3 Bxe3 11. Qxe3 d5 12. exd5 exf4 13. Qxe8+ Qxe8+ 14. Kd2
Ne5 15. Rhe1 Nxc4+ 16. dxc4 Qd7 17. Nc5 Qd6 18. Ne4 Nxe4+ 19. Rxe4 Bf5 20. Re5
Bg4 21. Rae1 Bxf3 22. gxf3 Qg6 23. R1e2 Kf8 24. Re7 Qd6 25. R7e5 Qd7 26. b4 Rd8
27. c5 f6 28. Rh5 Re8 29. Rg2 Re5 30. Rxe5 fxe5 31. c4 Qa4 32. Kc3 Qa3+ 33. Kd2
Qxa2+ 34. Kd3 Qxg2 35. Ke4 Qe2+ 36. Kf5 g6+ 37. Kxg6 Qg2+ 38. Kf5 Qxf3 39. Kxe5
Qe3+ 40. Kf5 f3 41. d6 cxd6 42. cxd6 Ke8 43. b5 f2 44. Kg6 Qg5+ 45. Kh7 Kf7 46.
d7 Qg7# 0-1

[Event "Championnat de France des Jeunes - Benj"]
[Site "LA ROCHE SUR YON"]
[Date "2008.04.27"]
[Round "9.13"]
[White "Feller, Alice"]
[Black "Le Marec, Laura"]
[Result "1-0"]
[WhiteElo "1650"]
[BlackElo "1520"]
[Annotator "Salaun,Michel"]
[PlyCount "89"]
[EventDate "2008.04.23"]
[EventType "swiss"]
[EventRounds "5"]
[EventCountry "FRA"]

1. d4 d5 2. Bg5 Bf5 3. Nf3 Qd6 4. a3 e6 5. e3 Be7 6. Bxe7 Qxe7 7. c4 c6 8. Nc3
Nf6 9. Bd3 Bxd3 10. Qxd3 O-O 11. O-O c5 12. cxd5 Nxd5 13. Nxd5 exd5 14. dxc5
Qxc5 15. Rac1 Qd6 16. Rfd1 Qb6 17. Qxd5 Qxb2 18. Rb1 Qxa3 19. Qxb7 Na6 20. Ra1
Nc5 21. Qxa8 Qxa1 22. Qxf8+ Kxf8 23. Rxa1 a6 24. Nd4 Ke7 25. Nc6+ Kd6 26. Nb4
a5 27. Rxa5 Nb7 28. Ra8 f6 29. Rh8 h6 30. Rg8 g5 31. Rg6 Ke6 32. Rxh6 Nd6 33.
Rh8 Nf7 34. Ra8 f5 35. f4 g4 36. Ra6+ Nd6 37. g3 Kd7 38. Kg2 Nc4 39. Nc2 Nd6
40. h4 gxh3+ 41. Kxh3 Ne4 42. Kh4 Nf2 43. Kg5 Nd3 44. Kxf5 Ke8 45. Ra7 1-0

[Event "Championnat de France des Jeunes - Benj"]
[Site "LA ROCHE SUR YON"]
[Date "2008.04.27"]
[Round "9.14"]
[White "Guyon, Solene"]
[Black "Stubbe, Alicia"]
[Result "1-0"]
[WhiteElo "1490"]
[BlackElo "1570"]
[Annotator "Salaun,Michel"]
[PlyCount "85"]
[EventDate "2008.04.23"]
[EventType "swiss"]
[EventRounds "5"]
[EventCountry "FRA"]

1. d4 Nf6 2. c4 c5 3. d5 e6 4. Nc3 exd5 5. cxd5 d6 6. g3 g6 7. e4 Bg7 8. Bg2
O-O 9. Nf3 Re8 10. Nd2 a6 11. O-O Nbd7 12. Re1 b5 13. Re3 Qa5 14. Qc2 Bb7 15.
b3 {(=)} Ne5 16. Bb2 Nfg4 17. Re2 Qb6 18. Nd1 Rac8 19. h3 Nh6 20. g4 f6 21.
Bxe5 fxe5 22. g5 Nf7 23. h4 Rf8 24. Ne3 h6 25. Bh3 Rc7 26. gxh6 Bxh6 27. Be6
Bc8 28. Bxc8 Rcxc8 29. Ng2 Nd8 30. Rf1 Bf4 31. Qd3 Rc7 32. Nxf4 Rxf4 33. Qg3
Rg7 34. Re3 Nf7 35. Rf3 Rxf3 36. Qxf3 Qa5 37. Rd1 b4 38. Ra1 Qa3 39. Qd1 Nh6
40. Nc4 g5 41. hxg5 Rxg5+ 42. Kf1 Rh5 43. Qxh5 1-0

[Event "Championnat de France des Jeunes - Pupi"]
[Site "LA ROCHE SUR YON"]
[Date "2008.04.20"]
[Round "1.11"]
[White "Finkel, Anne-Sophie"]
[Black "Nolot, Clementine"]
[Result "1/2-1/2"]
[WhiteElo "1280"]
[BlackElo "1590"]
[Annotator "Salaun,Michel"]
[PlyCount "78"]
[EventDate "2008.04.24"]
[EventType "swiss"]
[EventRounds "6"]
[EventCountry "FRA"]

1. e4 e5 2. Nf3 Nc6 3. Nc3 Nf6 4. Bc4 Nxe4 5. Bxf7+ Kxf7 6. Nxe4 Be7 7. d4 exd4
8. Nxd4 Nxd4 9. Qxd4 d5 10. Nc3 Be6 11. Be3 Bf6 12. Qf4 d4 13. Bxd4 Qxd4 14.
Qxc7+ Qd7 15. Qxd7+ Bxd7 16. O-O-O Be6 17. Rhe1 Rhd8 18. Ne4 Rxd1+ 19. Rxd1 Rc8
20. Nd6+ Ke7 21. Nxc8+ Bxc8 22. c3 Be6 23. Kc2 b6 24. f4 Bf5+ 25. Kb3 a5 26.
Rd2 b5 27. a4 Be6+ 28. Ka3 Bc4 29. axb5 Bxb5 30. Rd5 Bc6 31. Rxa5 Bxg2 32. b4
Bxc3 33. Rg5 Bc6 34. Rc5 Bxb4+ 35. Kxb4 Bf3 36. Kc4 Kf6 37. Kd4 h6 38. h4 g6
39. Ke3 Bg4 1/2-1/2

[Event "Championnat de France des Jeunes - Pupi"]
[Site "LA ROCHE SUR YON"]
[Date "2008.04.20"]
[Round "1.12"]
[White "Canterel, Cecile"]
[Black "Vianey, Marie"]
[Result "1/2-1/2"]
[WhiteElo "1580"]
[BlackElo "1280"]
[Annotator "Salaun,Michel"]
[PlyCount "57"]
[EventDate "2008.04.24"]
[EventType "swiss"]
[EventRounds "6"]
[EventCountry "FRA"]

1. c4 e5 2. Nc3 Nf6 3. g3 d5 4. cxd5 Nxd5 5. Bg2 Nf6 6. e3 Bc5 7. Nge2 Nc6 8.
O-O O-O 9. Re1 Bf5 10. a3 Qd7 11. Qb3 Rab8 12. Nd5 Bh3 13. Nxf6+ gxf6 14. e4
Kh8 15. Qf3 Rg8 16. Qxf6+ Rg7 17. d4 exd4 18. Bh6 Rbg8 19. Bxg7+ Rxg7 20. Rad1
Bg4 21. Rd2 Be7 22. Qf4 Bg5 23. Rxd4 Nxd4 24. Qe5 Nxe2+ 25. Kh1 Qd3 26. Qe8+
Rg8 27. Qe5+ Rg7 28. Qe8+ Rg8 29. Qe5+ 1/2-1/2

[Event "Championnat de France des Jeunes - Pupi"]
[Site "LA ROCHE SUR YON"]
[Date "2008.04.20"]
[Round "1.13"]
[White "Mouzayek, Sarah"]
[Black "Kambrath, Linda"]
[Result "0-1"]
[WhiteElo "1270"]
[BlackElo "1570"]
[Annotator "Salaun,Michel"]
[PlyCount "28"]
[EventDate "2008.04.24"]
[EventType "swiss"]
[EventRounds "6"]
[EventCountry "FRA"]

1. e4 e5 2. Nf3 Nc6 3. Bc4 Be7 4. d3 Nf6 5. Nc3 d6 6. Bg5 Bg4 7. O-O Nd4 8. h3
Bxf3 9. gxf3 Qd7 10. Kh2 h6 11. Be3 Nh5 12. Bxd4 Nf4 13. Ne2 Qxh3+ 14. Kg1 Qg2#
0-1

[Event "Championnat de France des Jeunes - Pupi"]
[Site "LA ROCHE SUR YON"]
[Date "2008.04.20"]
[Round "2.12"]
[White "Marechal, Marie"]
[Black "Vignette, Jeanne"]
[Result "1-0"]
[WhiteElo "1400"]
[BlackElo "1540"]
[Annotator "Salaun,Michel"]
[PlyCount "141"]
[EventDate "2008.04.24"]
[EventType "swiss"]
[EventRounds "6"]
[EventCountry "FRA"]

1. e4 e5 2. Nf3 Nc6 3. Bc4 Nf6 4. d3 Bc5 5. Nc3 d6 6. Bg5 h6 7. Bh4 Bg4 8. h3
Bh5 9. g4 Bg6 10. Nd5 Na5 11. b4 Nxc4 12. dxc4 Bb6 13. c5 dxc5 14. Nxf6+ gxf6
15. Qxd8+ Rxd8 16. Bxf6 Bxe4 17. Ke2 Bxf3+ 18. Kxf3 cxb4 19. Bxh8 Bd4 20. Rad1
e4+ 21. Kxe4 Bxh8 22. Rxd8+ Kxd8 23. Rd1+ Ke7 24. f4 c5 25. Kd5 Bd4 26. g5 hxg5
27. fxg5 a5 28. Re1+ Kf8 29. Rf1 Kg7 30. h4 a4 31. h5 Be3 32. h6+ Kg6 33. Rh1
Bd4 34. h7 Bh8 35. Kxc5 b3 36. cxb3 axb3 37. axb3 Kxg5 38. Kc4 f5 39. Kd3 f4
40. Ke2 Kg6 41. b4 Kg5 42. Kf3 b5 43. Rg1+ Kh6 44. Rh1+ Kg5 45. Rh3 Kf5 46.
Rh5+ Kg6 47. Rxb5 Kxh7 48. Kxf4 Kg7 49. Rd5 Kf7 50. Ke4 Ke6 51. b5 Bc3 52. b6
Be1 53. b7 Bg3 54. Rd8 Ke7 55. b8=Q Bxb8 56. Rxb8 Kd6 57. Rb5 Kc6 58. Rh5 Kd6
59. Rg5 Kd7 60. Rg6 Ke7 61. Kf5 Kf7 62. Ra6 Ke7 63. Ke5 Kd7 64. Rg6 Ke8 65. Rg7
Kf8 66. Ra7 Ke8 67. Kd6 Kf8 68. Ke6 Kg8 69. Kf6 Kh8 70. Kg6 Kg8 71. Ra8# 1-0

[Event "Championnat de France des Jeunes - Pupi"]
[Site "LA ROCHE SUR YON"]
[Date "2008.04.20"]
[Round "1.14"]
[White "Nourani, Maral"]
[Black "Dalarun, Adelie"]
[Result "1-0"]
[WhiteElo "1560"]
[BlackElo "1260"]
[Annotator "Salaun,Michel"]
[PlyCount "93"]
[EventDate "2008.04.24"]
[EventType "swiss"]
[EventRounds "6"]
[EventCountry "FRA"]

1. e4 e5 2. Nf3 Nc6 3. c3 f5 4. d4 fxe4 5. Nxe5 Nxe5 6. dxe5 d6 7. Qa4+ Qd7 8.
Qxe4 Qe6 9. f4 dxe5 10. Qxe5 Bd6 11. Qe2 Bd7 12. Qxe6+ Bxe6 13. Bd3 Bc5 14. f5
Bd5 15. Kd1 O-O-O 16. Kc2 Bxg2 17. Re1 Nf6 18. Bf4 Rhe8 19. Nd2 Bd6 20. Bxd6
Rxd6 21. Rxe8+ Nxe8 22. Re1 Rd8 23. Nc4 Nd6 24. Nxd6+ cxd6 25. Re7 Bd5 26. c4
Rd7 27. Rxd7 Kxd7 28. cxd5 Ke7 29. Kc3 Kf6 30. Kd4 h6 31. b4 Kg5 32. a4 Kg4 33.
a5 b6 34. axb6 axb6 35. Kc4 Kh3 36. Kb5 Kxh2 37. Kxb6 h5 38. Kc6 h4 39. b5 Kg1
40. b6 h3 41. Be4 h2 42. b7 h1=Q 43. Bxh1 Kxh1 44. b8=Q Kg2 45. Qxd6 Kf3 46.
Qb4 Ke3 47. Kc5 1-0

[Event "Championnat de France des Jeunes - Pupi"]
[Site "LA ROCHE SUR YON"]
[Date "2008.04.21"]
[Round "2.11"]
[White "Lefevre, Lucie"]
[Black "Gailliegue, Nina"]
[Result "1/2-1/2"]
[WhiteElo "1540"]
[BlackElo "1400"]
[Annotator "Salaun,Michel"]
[PlyCount "88"]
[EventDate "2008.04.24"]
[EventType "swiss"]
[EventRounds "6"]
[EventCountry "FRA"]

1. e4 e5 2. Nf3 Nc6 3. Bb5 Nf6 4. O-O Bc5 5. d3 O-O 6. Bg5 d6 7. h3 Bd7 8. Nbd2
Re8 9. c3 a6 10. Bc4 Be6 11. b4 Ba7 12. Qb3 Rc8 13. Bxe6 Rxe6 14. Ne1 Ne7 15.
Ndf3 b5 16. Qa3 d5 17. Bxf6 Rxf6 18. Nxe5 dxe4 19. dxe4 Qd2 20. N1f3 Qe2 21.
Rae1 Qc2 22. Qb3 Qxb3 23. axb3 Rd8 24. Rd1 Rfd6 25. Rxd6 Rxd6 26. Ra1 f6 27.
Ng4 Ng6 28. e5 Nxe5 29. Ngxe5 fxe5 30. Nxe5 Re6 31. Nd3 h6 32. Kf1 Kf7 33. Re1
Rd6 34. Ne5+ Kf6 35. Ng4+ Kg6 36. Ra1 Kf5 37. Ne3+ Kf6 38. Ke2 Ke5 39. c4 Bxe3
40. Kxe3 bxc4 41. bxc4 Rb6 42. Ra5+ Ke6 43. b5 axb5 44. cxb5 Kd5 1/2-1/2

[Event "Championnat de France des Jeunes - Pupi"]
[Site "LA ROCHE SUR YON"]
[Date "2008.04.20"]
[Round "1.15"]
[White "Guigue, Lorelei"]
[Black "Lefevre, Lucie"]
[Result "0-1"]
[WhiteElo "1260"]
[BlackElo "1540"]
[Annotator "Salaun,Michel"]
[PlyCount "76"]
[EventDate "2008.04.24"]
[EventType "swiss"]
[EventRounds "6"]
[EventCountry "FRA"]

1. e4 c5 2. Nc3 Nc6 3. Nf3 a6 4. Be2 d6 5. d3 Nf6 6. Be3 e6 7. O-O Be7 8. b3
O-O 9. Na4 b5 10. Nb2 Qc7 11. c3 d5 12. exd5 exd5 13. Qd2 Re8 14. Bf4 Bd6 15.
Bxd6 Qxd6 16. h3 Qe6 17. Rfe1 Qd7 18. d4 Ne4 19. Qc2 cxd4 20. cxd4 Nb4 21. Qd1
Qf5 22. Bd3 Nxd3 23. Nxd3 Bd7 24. g4 Qf6 25. Rf1 Nc3 26. Qd2 Ne4 27. Qd1 Nc3
28. Qc2 Qxf3 29. Qxc3 Qxh3 30. Ne5 Qxc3 31. Nxd7 Qxd4 32. g5 Qg4+ 33. Kh1 Qxd7
34. Rad1 Re4 35. f4 Re2 36. Rd3 Qg4 37. Rg1 Qh4+ 38. Rh3 Qxh3# 0-1

[Event "Championnat de France des Jeunes - Pupi"]
[Site "LA ROCHE SUR YON"]
[Date "2008.04.21"]
[Round "2.13"]
[White "Kancel, Sarah"]
[Black "Khan, Arooj"]
[Result "1/2-1/2"]
[WhiteElo "1530"]
[BlackElo "1400"]
[Annotator "Salaun,Michel"]
[PlyCount "47"]
[EventDate "2008.04.24"]
[EventType "swiss"]
[EventRounds "6"]
[EventCountry "FRA"]

1. e4 e5 2. Nf3 Nc6 3. Bb5 Nf6 4. Nc3 Bb4 5. d3 d6 6. Bg5 Bg4 7. O-O a6 8.
Bxc6+ bxc6 9. Re1 O-O 10. Rb1 Re8 11. Bd2 d5 12. Ne2 Bxf3 13. gxf3 Bxd2 14.
Qxd2 dxe4 15. fxe4 Rb8 16. Ng3 Qd7 17. Rf1 Qh3 18. f3 Nh5 19. Qg2 Qxg2+ 20.
Kxg2 Nf4+ 21. Kf2 Re6 22. Nf5 Rbe8 23. Ke1 Rg6 24. Ne3 1/2-1/2

[Event "Championnat de France des Jeunes - Pupi"]
[Site "LA ROCHE SUR YON"]
[Date "2008.04.21"]
[Round "2.15"]
[White "Susini, Lisa"]
[Black "Troadec, Anaelle"]
[Result "1-0"]
[WhiteElo "1520"]
[BlackElo "1390"]
[Annotator "Salaun,Michel"]
[PlyCount "151"]
[EventDate "2008.04.24"]
[EventType "swiss"]
[EventRounds "6"]
[EventCountry "FRA"]

1. e4 e5 2. Nf3 Nc6 3. Nc3 Nf6 4. d4 d6 5. d5 Ne7 6. Bc4 c6 7. dxc6 Nxc6 8. O-O
Be7 9. Be3 Ng4 10. Qe1 Nb4 11. Rc1 O-O 12. a3 Nc6 13. h3 Nf6 14. Rd1 Bd7 15.
Qe2 Qc8 16. Kh2 Na5 17. Bb5 Be6 18. Rg1 Rd8 19. Rd2 a6 20. Bd3 Rf8 21. Qd1 d5
22. exd5 Nxd5 23. Nxd5 Bd6 24. Bf1 e4+ 25. Kh1 exf3 26. Qxf3 Nc4 27. Re2 Nxb2
28. Nb6 Qb8 29. Nxa8 Bh2 30. Nb6 Bxg1 31. Kxg1 Rd8 32. c3 Nc4 33. Nxc4 Bxc4 34.
Rd2 Bb3 35. Qg3 Re8 36. Qxb8 Rxb8 37. Bb6 g6 38. Rd8+ Rxd8 39. Bxd8 Kg7 40. Bd3
b5 41. Kf1 Kf8 42. Ke2 Ke8 43. Ba5 Kd7 44. Ke3 Kd6 45. Kd4 Bd5 46. Bb4+ Kc6 47.
Be4 Bxe4 48. Kxe4 f5+ 49. Ke5 Kb6 50. Kd5 g5 51. Ke5 f4 52. Kf6 a5 53. Bf8 h6
54. g3 f3 55. h4 gxh4 56. gxh4 h5 57. Kg6 Kc6 58. Kxh5 Kd5 59. Kg4 Kc4 60. h5
Kxc3 61. h6 b4 62. axb4 a4 63. b5 Kb3 64. h7 a3 65. Bxa3 Kxa3 66. h8=Q Kb4 67.
Qc8 Kxb5 68. Kf4 Kb4 69. Qc6 Kb3 70. Ke4 Kb4 71. Kd4 Kb3 72. Qc4+ Kb2 73. Kd3
Ka3 74. Qb5 Ka2 75. Kc2 Ka3 76. Qb3# 1-0

[Event "Championnat de France des Jeunes - Pupi"]
[Site "LA ROCHE SUR YON"]
[Date "2008.04.21"]
[Round "2.14"]
[White "Rouzes, Sibylle-Anne"]
[Black "Legrand, Claire"]
[Result "0-1"]
[WhiteElo "1340"]
[BlackElo "1530"]
[Annotator "Salaun,Michel"]
[PlyCount "126"]
[EventDate "2008.04.24"]
[EventType "swiss"]
[EventRounds "6"]
[EventCountry "FRA"]

1. e4 c5 2. d4 e6 3. Nf3 Nc6 4. Bf4 Qb6 5. c3 cxd4 6. cxd4 Qxb2 7. Nbd2 Nxd4 8.
Nxd4 Qxd4 9. Be2 Bb4 10. O-O Bxd2 11. Qxd2 Qxd2 12. Bxd2 Nf6 13. Bf3 e5 14. Bb4
b6 15. Rac1 Bb7 16. Rc7 Bxe4 17. Bxe4 Nxe4 18. Rfc1 Kd8 19. R7c4 Nf6 20. Bd6
Ne8 21. Bxe5 f6 22. Bf4 g5 23. Bd2 Nd6 24. R4c2 Rc8 25. Bc3 Rf8 26. Bb4 Rxc2
27. Rxc2 Re8 28. h3 Re6 29. a4 a5 30. Ba3 Nf5 31. g4 Nd4 32. Rc4 Re4 33. Kf1 d5
34. Rc1 Kd7 35. Rb1 Nc2 36. Bb2 Rb4 37. Kg2 Na3 38. Ra1 Rxb2 39. Rxa3 Kd6 40.
Kf3 Rb4 41. Ke3 Kc5 42. Rc3+ Rc4 43. Ra3 Kb4 44. Ra1 Rc3+ 45. Kd2 Ra3 46. Rb1+
Rb3 47. Ra1 Rxh3 48. Kc2 Rc3+ 49. Kb2 Rf3 50. Rf1 Kxa4 51. Ra1+ Kb4 52. Rf1 a4
53. Rb1 Rb3+ 54. Kc2 Rxb1 55. Kxb1 a3 56. Kc2 d4 57. f3 a2 58. Kb2 d3 59. Kxa2
d2 60. Kb2 d1=Q 61. Ka2 Qb3+ 62. Ka1 Ka3 63. f4 Qb2# 0-1

[Event "Championnat de France des Jeunes - Pupi"]
[Site "LA ROCHE SUR YON"]
[Date "2008.04.21"]
[Round "3.13"]
[White "Khan, Arooj"]
[Black "Lefevre, Lucie"]
[Result "0-1"]
[WhiteElo "1400"]
[BlackElo "1540"]
[Annotator "Salaun,Michel"]
[PlyCount "110"]
[EventDate "2008.04.24"]
[EventType "swiss"]
[EventRounds "6"]
[EventCountry "FRA"]

1. e4 c5 2. Nf3 d6 3. d4 cxd4 4. Nxd4 Nf6 5. Nc3 a6 6. Be2 e6 7. Bg5 Be7 8. Qd3
h6 9. Be3 Nbd7 10. O-O O-O 11. f4 Nc5 12. Qd1 Nfxe4 13. Nxe4 Nxe4 14. Bd3 Nf6
15. Rf3 Ng4 16. Bd2 e5 17. fxe5 dxe5 18. Nf5 Bc5+ 19. Ne3 Nxe3 20. Bxe3 Bxe3+
21. Rxe3 Qd4 22. Qd2 e4 23. Kh1 exd3 24. Rg3 Kh7 25. cxd3 Bf5 26. Rf1 Bg6 27.
Rf4 Qd5 28. Qc3 Qxa2 29. Rf1 Rac8 30. Qd4 Qe6 31. b4 Rce8 32. Kg1 Qe5 33. Qf2
Rd8 34. Re1 Qd4 35. Ree3 Rfe8 36. Rxe8 Qxf2+ 37. Kxf2 Rxe8 38. Re3 Rxe3 39.
Kxe3 Kg8 40. Kd4 Kf8 41. Kc5 Bxd3 42. Kb6 Be4 43. g3 Ke7 44. h3 Ke6 45. g4 f5
46. gxf5+ Kxf5 47. b5 axb5 48. Kxb5 g5 49. Kc5 g4 50. hxg4+ Kxg4 51. Kd4 Bg2
52. Ke5 h5 53. Kd4 h4 54. Ke3 h3 55. Kf2 b5 0-1

[Event "Championnat de France des Jeunes - Pupi"]
[Site "LA ROCHE SUR YON"]
[Date "2008.04.21"]
[Round "3.11"]
[White "Gailliegue, Nina"]
[Black "Nolot, Clementine"]
[Result "0-1"]
[WhiteElo "1400"]
[BlackElo "1590"]
[Annotator "Salaun,Michel"]
[PlyCount "92"]
[EventDate "2008.04.24"]
[EventType "swiss"]
[EventRounds "6"]
[EventCountry "FRA"]

1. c4 c6 2. Nf3 d5 3. e3 e5 4. d4 exd4 5. exd4 Nf6 6. Bg5 Be7 7. Nc3 O-O 8. Bd3
Bg4 9. O-O dxc4 10. Bxc4 Nbd7 11. Re1 Nb6 12. Bb3 Re8 13. Qd3 Bxf3 14. gxf3 Qd7
15. f4 Rad8 16. Bxf6 Bxf6 17. Rxe8+ Rxe8 18. Rd1 Rd8 19. Bc2 g6 20. Ne2 Nd5 21.
a3 Qg4+ 22. Kf1 Nxf4 23. Nxf4 Qxf4 24. Qg3 Qxg3 25. hxg3 Rxd4 26. Rxd4 Bxd4 27.
b3 Kg7 28. Ke2 Kf6 29. Kf3 b5 30. Be4 c5 31. Bc6 a6 32. Bb7 a5 33. a4 bxa4 34.
bxa4 c4 35. Be4 Ke5 36. Bc2 h5 37. Ke2 g5 38. f3 h4 39. gxh4 gxh4 40. Kf1 Kf4
41. Kg2 Ke3 42. Kh3 Bf6 43. Kg4 Kd2 44. Be4 c3 45. f4 c2 46. Bxc2 Kxc2 0-1

[Event "Championnat de France des Jeunes - Pupi"]
[Site "LA ROCHE SUR YON"]
[Date "2008.04.21"]
[Round "3.12"]
[White "Canterel, Cecile"]
[Black "Sonet, Kelly"]
[Result "1-0"]
[WhiteElo "1580"]
[BlackElo "1430"]
[Annotator "Salaun,Michel"]
[PlyCount "87"]
[EventDate "2008.04.24"]
[EventType "swiss"]
[EventRounds "6"]
[EventCountry "FRA"]

1. c4 e5 2. Nc3 Nf6 3. g3 Bb4 4. Qb3 c5 5. a3 Ba5 6. Bg2 Nc6 7. d3 O-O 8. Bd2
Qb6 9. Qxb6 axb6 10. Nf3 Bxc3 11. Bxc3 d5 12. Nxe5 Nxe5 13. Bxe5 dxc4 14. dxc4
Re8 15. Bxf6 gxf6 16. e3 Ra7 17. O-O Bd7 18. b3 Bc6 19. Rfd1 b5 20. Rd6 Bxg2
21. Kxg2 b4 22. a4 Kg7 23. Kf3 Re6 24. Rxe6 fxe6 25. Rd1 Kg6 26. Rd6 Ra6 27.
Rxa6 bxa6 28. Ke4 a5 29. h4 h5 30. f3 Kh6 31. f4 Kg6 32. f5+ exf5+ 33. Kd5 Kf7
34. Kxc5 Ke7 35. Kb6 Kd7 36. c5 Kc8 37. Kxa5 Kb7 38. Kb5 Ka7 39. a5 Kb7 40. a6+
Kb8 41. Kb6 Ka8 42. c6 f4 43. c7 fxe3 44. c8=Q# 1-0

[Event "Championnat de France des Jeunes - Benj"]
[Site "LA ROCHE SUR YON"]
[Date "2008.04.21"]
[Round "1.11"]
[White "Vedrenne, Louise"]
[Black "Henry, Laura"]
[Result "0-1"]
[WhiteElo "1400"]
[BlackElo "1667"]
[Annotator "Salaun,Michel"]
[PlyCount "66"]
[EventDate "2008.04.23"]
[EventType "swiss"]
[EventRounds "5"]
[EventCountry "FRA"]

1. d4 d5 2. c4 c6 3. Nf3 Nf6 4. Nc3 Bg4 5. Bg5 Nbd7 6. e3 Ne4 7. Bf4 e6 8. Be2
Bb4 9. Qc2 Qa5 10. O-O Bxc3 11. bxc3 Qxc3 12. Qxc3 Nxc3 13. Rfe1 Nxe2+ 14. Rxe2
dxc4 15. a4 b6 16. Rc2 b5 17. axb5 cxb5 18. Rb1 a6 19. Ra2 Nb6 20. e4 Na4 21.
d5 Nc3 22. Rbb2 Nxa2 23. Rxa2 b4 24. Rb2 a5 25. Ne1 c3 26. Rb3 O-O 27. d6 e5
28. Bxe5 Rfe8 29. Bf4 Rxe4 30. Be3 a4 31. Rb1 b3 32. Rc1 b2 33. Rb1 a3 0-1

[Event "Championnat de France des Jeunes - Benj"]
[Site "LA ROCHE SUR YON"]
[Date "2008.04.20"]
[Round "1.12"]
[White "Tabard, Anja"]
[Black "Crosa-Rossa, Florence"]
[Result "1-0"]
[WhiteElo "1660"]
[BlackElo "1380"]
[Annotator "Salaun,Michel"]
[PlyCount "61"]
[EventDate "2008.04.23"]
[EventType "swiss"]
[EventRounds "5"]
[EventCountry "FRA"]

1. e4 e5 2. Nf3 d6 3. Nc3 c5 4. Nd5 Be6 5. Bc4 Nf6 6. d3 Nbd7 7. Bg5 Nb6 8.
Bxf6 gxf6 9. Nd2 Nxc4 10. Nxc4 Bxd5 11. exd5 f5 12. Qf3 Qd7 13. O-O-O O-O-O 14.
Rhe1 f6 15. c3 Bh6+ 16. Kb1 Rde8 17. h3 a6 18. Nb6+ Kc7 19. Nxd7 Kxd7 20. Qxf5+
Kc7 21. Qxf6 Ref8 22. Qxh6 Rxf2 23. Qg7+ Kb8 24. Qxh8+ Ka7 25. Qxh7 a5 26. Rf1
Rxf1 27. Rxf1 Kb6 28. Rf7 Kb5 29. Rxb7+ Ka4 30. Qe4+ c4 31. Qxc4# 1-0

[Event "Championnat de France des Jeunes - Benj"]
[Site "LA ROCHE SUR YON"]
[Date "2008.04.20"]
[Round "1.13"]
[White "Chalony, Chloe"]
[Black "Daadaa, Soha"]
[Result "0-1"]
[WhiteElo "1360"]
[BlackElo "1650"]
[Annotator "Salaun,Michel"]
[PlyCount "156"]
[EventDate "2008.04.23"]
[EventType "swiss"]
[EventRounds "5"]
[EventCountry "FRA"]

1. c4 e6 2. e3 d5 3. b3 Nf6 4. Bb2 Be7 5. g3 b6 6. Bg2 Bb7 7. Nc3 c5 8. Nge2
Nc6 9. d4 dxc4 10. bxc4 O-O 11. O-O Rb8 12. d5 Na5 13. dxe6 Qxd1 14. Raxd1 fxe6
15. Bxb7 Rxb7 16. Nf4 e5 17. Ne6 Re8 18. Ng5 Nxc4 19. Ba1 Rd7 20. Rxd7 Nxd7 21.
Rd1 Nb8 22. Nf3 Bf6 23. Ne4 Nc6 24. Nxf6+ gxf6 25. Nd2 Rd8 26. Bc3 Nb4 27. a3
Na2 28. Ra1 Nxc3 29. Nxc4 Rd1+ 30. Rxd1 Nxd1 31. Kf1 Nc3 32. f4 exf4 33. exf4
b5 34. Nd6 b4 35. axb4 cxb4 36. Nc4 Kf7 37. Ke1 Ke6 38. Kd2 Kd5 39. Na5 Ne4+
40. Ke3 Nc5 41. Kd2 a6 42. h4 Ne4+ 43. Kc2 Kc5 44. g4 Kb5 45. Nb3 Ka4 46. g5 a5
47. gxf6 Nxf6 48. f5 Ne4 49. Kb2 Nf6 50. Nc5+ Kb5 51. Ne6 Kc4 52. Ng5 a4 53. h5
Kd3 54. Ka2 Kc2 55. Ne6 b3+ 56. Ka3 b2 57. Nd4+ Kd3 58. Kxb2 Kxd4 59. Ka3 Nxh5
60. Kxa4 Nf6 61. Kb5 Ke5 62. Kc4 Kxf5 63. Kd4 Kf4 64. Kd3 Kf3 65. Kd2 Kf2 66.
Kd1 h5 67. Kd2 h4 68. Kd3 h3 69. Kd4 h2 70. Ke5 h1=Q 71. Kxf6 Qh5 72. Kg7 Qg5+
73. Kh8 Qe7 74. Kg8 Kg3 75. Kh8 Kg4 76. Kg8 Kg5 77. Kh8 Kh6 78. Kg8 Qg7# 0-1

[Event "Championnat de France des Jeunes - Benj"]
[Site "LA ROCHE SUR YON"]
[Date "2008.04.21"]
[Round "2.11"]
[White "Turquetille, Annabelle"]
[Black "Tabard, Anja"]
[Result "0-1"]
[WhiteElo "1510"]
[BlackElo "1660"]
[Annotator "Salaun,Michel"]
[PlyCount "74"]
[EventDate "2008.04.23"]
[EventType "swiss"]
[EventRounds "5"]
[EventCountry "FRA"]

1. e4 e5 2. Nf3 Nc6 3. d4 exd4 4. Nxd4 Bc5 5. Be3 Qf6 6. c3 Nge7 7. Bb5 O-O 8.
O-O Rd8 9. Nxc6 bxc6 10. Bxc5 cxb5 11. Bxe7 Qxe7 12. Nd2 Bb7 13. Qe2 a6 14. c4
Re8 15. Rfe1 f5 16. cxb5 fxe4 17. bxa6 Rxa6 18. Qc4+ d5 19. Qb3 Rb6 20. Qc3 Qe5
21. Qxe5 Rxe5 22. b3 Rc6 23. f3 Rc2 24. Nf1 Rg5 25. Ne3 Rd2 26. fxe4 d4 27. Nf1
Rgxg2+ 28. Kh1 Rdf2 29. Rac1 Ba6 30. Rxc7 Bxf1 31. Rc8+ Kf7 32. Rc7+ Kg6 33.
Rc6+ Kh5 34. Rc5+ Kh6 35. Rc6+ g6 36. Rxf1 Rxh2+ 37. Kg1 Rfg2# 0-1

[Event "Championnat de France des Jeunes - Benj"]
[Site "LA ROCHE SUR YON"]
[Date "2008.04.20"]
[Round "1.14"]
[White "Feller, Alice"]
[Black "Fischer, Pauline"]
[Result "1-0"]
[WhiteElo "1650"]
[BlackElo "1350"]
[Annotator "Salaun,Michel"]
[PlyCount "65"]
[EventDate "2008.04.23"]
[EventType "swiss"]
[EventRounds "5"]
[EventCountry "FRA"]

1. d4 d5 2. Bg5 Nf6 3. Bxf6 exf6 4. e3 Bf5 5. Nf3 Bd6 6. c4 c6 7. Nc3 Bb4 8. a3
Ba5 9. Be2 O-O 10. O-O Nd7 11. b4 Bc7 12. cxd5 cxd5 13. Nxd5 Rc8 14. Bd3 Be6
15. Nxc7 Rxc7 16. Qd2 Re8 17. Rfe1 Nf8 18. Rac1 Ree7 19. h3 Bd5 20. e4 Be6 21.
d5 Bd7 22. Kh2 Qc8 23. d6 Rxc1 24. Rxc1 Qb8 25. Rc7 Re6 26. Bc2 Bc6 27. Qd4 Kh8
28. b5 Bxb5 29. e5 fxe5 30. Nxe5 Qd8 31. Nxf7+ Kg8 32. Nxd8 Re8 33. Qxg7# 1-0

[Event "Championnat de France des Jeunes - Benj"]
[Site "LA ROCHE SUR YON"]
[Date "2008.04.20"]
[Round "1.15"]
[White "Haller, Noemie"]
[Black "Lenoel, Marine"]
[Result "0-1"]
[WhiteElo "1340"]
[BlackElo "1641"]
[Annotator "Salaun,Michel"]
[PlyCount "32"]
[EventDate "2008.04.23"]
[EventType "swiss"]
[EventRounds "5"]
[EventCountry "FRA"]

1. e4 e5 2. d4 exd4 3. c3 dxc3 4. Nxc3 d6 5. Bc4 Nf6 6. Qb3 Qe7 7. Nf3 c6 8.
O-O Nbd7 9. Ng5 Ne5 10. Be2 h6 11. f4 hxg5 12. fxe5 Qxe5 13. h3 Rb8 14. Bd2
Bxh3 15. gxh3 Qg3+ 16. Kh1 Rxh3# 0-1